|
|
|
|
| LEADER |
01087nta a2200229 i 4500 |
| 001 |
dokt2148 |
| 005 |
20200330144255.0 |
| 008 |
140320s2009 hu om 0|| eng d |
| 024 |
7 |
|
|a 2285637
|2 mtmt
|
| 040 |
|
|
|a SZTE Doktori Repozitórium
|b hun
|
| 041 |
|
|
|a eng
|
| 100 |
1 |
|
|a Matusovits Danica
|
| 245 |
1 |
0 |
|a Investigation of the Osseointegration of Dental Implants and Different Biomaterials Used in Guided Tissue Regeneration
|h [elektronikus dokumentum] /
|c Matusovits Danica
|
| 246 |
1 |
0 |
|a Dentális implantátumok osszeointegrációjának és irányított csontregenerációban használt bioanyagok csontképződést segítő hatásának vizsgálata
|h [elektronikus dokumentum]
|
| 260 |
|
|
|c 2009-09-02
|
| 502 |
|
|
|a Disszertacio
|
| 650 |
|
4 |
|a klinikai orvostudományok
|
| 650 |
|
4 |
|a Klinikai orvostan
|
| 700 |
0 |
1 |
|a Fazekas András
|e ths
|
| 700 |
0 |
1 |
|a Turzó Kinga
|e ths
|
| 856 |
4 |
0 |
|u https://doktori.bibl.u-szeged.hu/id/eprint/2148/1/de_Matusovits_Danica.pdf
|z Dokumentum-elérés
|
| 856 |
4 |
0 |
|u https://doktori.bibl.u-szeged.hu/id/eprint/2148/2/tezisek_hu_Matusovits_Danica.pdf
|z Dokumentum-elérés
|